00745nam a22002057a 450000500170000001000150001702000260003203500140005803700130007208200150008510000220010024500890012226000380021127000620024930000320031150000220034394200290036599900190039495201260041320180711102632.0 aENG-123434 a9788178245256c795.00 aEN-106966 bDBAD/PUB a791.430954 aMahadevan, Sudhir aA very old machine :cby Sudhir Mahadevanbthe many origins of the cinema in india / aRanikhet bPermanent Black c2018 aHimalayana, Mall Road, Ranikhet Cantt. bRanikhete263645v axiii,242p. c21cm(Hb)bill. aIt includes index 2ddccENmMAHh791.430954 c153804d153804 001040718NFICaDBADbLd2018-07-11eDBAD/PUBg795.00l0o791.430954 MAHpEN-106966r2018-07-11 00:00:00t1v795.00yEN